000 00376nam a2200133Ia 4500
005 20260328101440.0
008 260328s9999||||xx |||||||||||||| ||und||
100 _aMinisterio de Relaciones Exteriores de Brasil
245 0 _aEl Arte brasileƱo /
_cMinisterio de Relaciones Exteriores de Brasil
260 _bArte Brasileira
300 _a128 p.
650 _aARTE
942 _cBK
999 _c8248
_d8248